000 01136nas a2200313 4500
001 BR2013008998
003 BR-BrBNA
005 20231205123234.0
007 ta
008 230509b bl.|||p| |||| 00| 00por d
040 _aBR-BrBNA
_bpor
_cBiblioteca Nacional de Agricultura
041 _a(Pt)
072 _aF02; F04
100 1 _aRosa, L.S. da
100 1 _aWendling, I.
100 1 _aGrossi, F.
100 1 _aReissmann, C.B.
245 1 _aEfeito da dose de nitrogênio e de formulações de substratos na miniestaquia de Eucalyptus dunnii maiden
246 1 _aEffect of the nitrogen dose and substrate formulations on the minicutting technique of Eucalyptus dunnii Maiden
650 _aEUCALIPTO
650 _aPROPAGAÇÃO VEGETATIVA
650 _aSUBSTRATO DE CULTURA
650 _aNITRATO DE AMÔNIO
650 _aFERTILIZANTE NITROGENADO
773 0 _tRevista Árvore (Brazil)
_xISSN 0100-6762
_g(Nov-Dec 2009), v. 33(6) p. 1025-1035
_wBR2013008998
856 4 _uhttp://www.scielo.br/pdf/rarv/v33n6/a05v33n6.pdf
_yRecurso eletrônico (PDF)
909 _a202311
_bLúcia
_c55
_dLúcia Elande
942 _2AGRIS
_n0
_cANA
999 _c232873
_d232873